000 00964nam a22003017a 4500
001 BR2014007847
003 BR-BrBNA
005 20230928104554.0
007 ta
008 230509b bl.||||| |||| 00| 0 por d
040 _aBR-BrBNA
_bpor
_cBiblioteca Nacional de Agricultura
041 _a(Por)
072 _aF03
_b0312
_b3575
090 _ 0312 BR2014007847
100 1 _aOliveira, T.G.S.
110 1 _aUniversidade Federal de Lavras, MG (Brasil)
_0Tese (Mestrado)
245 1 _aAspectos ecofisiológicos da germinação e armazenamento de sementes de jerivá (Syagrus romanzoffiana)(Cham.)Glassman
260 3 _aLavras, MG (Brasil):
_c2014.
300 _a66 p.
500 _aSummaries (Eng, Por); Includes several bibliographies; 10 illus.
650 _aPALMEIRA OLEAGINOSA
650 _aSEMENTE
650 _aGERMINACAO
650 _aDORMENCIA DA SEMENTE
650 _aACIDO ABSCISICO
909 _a202309
_bLucia
_c55
_dLucia Elande
942 _cBK
999 _c80634
_d80634